000 00767nam a22002417a 4500
999 _c153147
_d153147
005 20181218124752.0
010 _aB-192400 B-192406
020 _a0070606943
_c0.00
035 _aB-192400 B-192406
037 _bBPPD / PUB
082 _a808.066659
100 _aFoster, Jack
245 _aHow to Get Ideas/
_cby Jack Foster and [illustrated] by Larry Corby
260 _aNew Delhi
_bTata McGraw-Hill
_c1996
270 _a7, West Patel Nagar
_bDelhi
_e110008
300 _axiii, 208 p. ;
_c22 cm (Hb)
500 _aincludes index
650 _aCreative ability in business.
650 _aCreative thinking.
650 _aOrganizational change.
942 _2ddc
_cEN
_h808.066659
_mFOS